Анализ и синтез технологических систем: В 4-х ч; Ч. 1; Обоснование выбора показателя для оценки точности технологических операций

Dades bibliogràfiques
Autor principal: Шаталин В. А. Виктор Александрович
Idioma:rus
Publicat: Саратов, Изд-во Саратовского гос. ун-та, 1991
Matèries:
Format: MixedMaterials Llibre
KOHA link:https://koha.lib.tpu.ru/cgi-bin/koha/opac-detail.pl?biblionumber=32573

MARC

LEADER 00000nam0a2200000 4500
001 32573
005 20231030204934.0
010 |a 5292002984 
035 |a (RuTPU)RU\TPU\book\32872 
035 |a BOOK00000078 
090 |a 32573 
100 |a 20011210d1991 u y0rusy50 ca 
101 0 |a rus 
102 |a RU 
105 |a  001|y 
200 1 |a Анализ и синтез технологических систем  |e В 4-х ч  |f В. А. Шаталин  |h Ч. 1  |i Обоснование выбора показателя для оценки точности технологических операций 
210 |a Саратов  |c Изд-во Саратовского гос. ун-та  |d 1991 
215 |a 194 с. 
320 |a Библиогр.: с. 177-191. 
610 1 |a металлообработка 
610 1 |a технология 
610 1 |a технологические процессы 
610 1 |a точность 
610 1 |a математические исследования 
675 |a 621.923.015  |v 3 
700 1 |a Шаталин  |b В. А.  |g Виктор Александрович 
801 0 |a RU  |b 63413507  |c 20011210  |g PSBO 
801 2 |a RU  |b 63413507  |c 20170302  |g PSBO 
942 |c BK